Who Sang That Ballad - Statistics

General Stats
  • This quiz has been taken 20 times
  • The average score is 15 of 20
Answer Stats
Question Answer % Correct
The Rose Bette Midler
100%
Total Eclipse Of The Heart Bonnie Tyler
100%
Everything I Do (I Do It For You) Bryan Adams
100%
Nikita Elton John
100%
I Want To Know What Love Is Foreigner
100%
True Spandau Ballet
100%
Wind Of Change Scorpions
92%
Saving All My Love For You Whitney Houston
92%
To Sir With Love Lulu
83%
Let's Wait Ahile Janet Jackson
75%
Think Twice Celine Dion
67%
Miss You Nights Cliff Richard
67%
One Man In My Heart Human League
67%
The Zephyr Song Red Hot Chili Peppers
67%
I Don't Want To Talk About It Rod Stewart
67%
You're My World Cilla Black
58%
Take A Bow Madonna
58%
Patience Take That
58%
Wild is the Wind David Bowie
50%
Now Those Days Are Gone Bucks Fizz
42%
No matching quizzes found
Score Distribution
Percent of People with Each Score
Percentile by Number Answered
Your Score History
You have not taken this quiz